000 00563 a2200193 4500
005 20260210143230.0
008 260210b |||||||| |||| 00| 0 eng d
020 _a978812641360
_cRs. 895.00
040 _aMAIN
082 _a327.54973
_bK527H
100 _aKhasru, B Z
245 _aHasina yunus and the united states: The power struggle for Bangladesh
260 _bAtlantic Publishers and Distributors
_c2025
_aNew Delhi
300 _axix, 276
650 _aInternational Relations
650 _aBangladesh
650 _aPolitical Science
942 _cBK
999 _c395033
_d395033